| 000 | 00481 a2200169 4500 | ||
|---|---|---|---|
| 003 | OSt | ||
| 005 | 20231215104304.0 | ||
| 008 | 231215b |||||||| |||| 00| 0 eng d | ||
| 020 | _a9789384638689 | ||
| 040 | _coclc | ||
| 082 |
_a894.8124 _bANI/S |
||
| 245 |
_aSamskara Nirmithi / _cedited by K.M. Anil |
||
| 250 | _a1st ed. | ||
| 260 |
_aKozhikode: _bProgress Publication, _c2017. |
||
| 300 | _a274p. | ||
| 942 |
_2ddc _cBK _h894.8124 _iANI/S _k894.8124 _mANI/S |
||
| 999 |
_c44143 _d44143 |
||